Harry Potter Chain: Prisoner of Azkaban Quiz Stats

 Plays Quiz Updated Feb 28, 2018

Support Sporcle.
Go Orange.
Score 0/36 Timer 04:00
14 Plays Today
% Correct
???
86.8%
???
81.4%
???
68.5%
???
64.9%
???
63.8%
???
60.8%
???
59.8%
???
58.1%
???
58%
???
57.8%
???
57.6%
???
56.5%
???
55.7%
???
55.4%
???
54.7%
???
53.2%
???
52.6%
???
45.4%
% Correct
???
42.5%
???
42.1%
???
39.1%
???
35.5%
???
32.5%
???
32.3%
???
32.2%
???
26.4%
???
26.3%
???
25.5%
???
25.4%
???
25.3%
???
25.2%
???
24.7%
???
24.7%
???
24.4%
???
22.1%
???
21.9%

You're not logged in!

Compare scores with friends on all Sporcle quizzes.
OR
Log In

From the Vault

Click-A-Hanks

by g_norm

This quiz reminds us that you should never travel with Tom Hanks. Something always goes wrong.
Remove Ads.
Support Sporcle.
Get the best of Sporcle when you Go Orange. This ad-free experience offers more features, more stats, and more fun while also helping to support Sporcle. Thank you for becoming a member.

Show Comments

Extras

Top Quizzes Today


Score Distribution

Your Account Isn't Verified!

In order to create a playlist on Sporcle, you need to verify the email address you used during registration. Go to your Sporcle Settings to finish the process.

Report this User

Report this user for behavior that violates our Community Guidelines.

Details: